Catálogo

Cujo / (Registro nro. 68465)

Detalles MARC
000 -LEADER
fixed length control field 01223nam a2200349 i 4500
001 - CONTROL NUMBER
control field 68465
003 - CONTROL NUMBER IDENTIFIER
control field Mx-PuUPA
005 - DATE AND TIME OF LATEST TRANSACTION
control field 20240410104257.0
008 - FIXED-LENGTH DATA ELEMENTS--GENERAL INFORMATION
fixed length control field 191111s2012 mx gr 000 f spa d
020 ## - INTERNATIONAL STANDARD BOOK NUMBER
International Standard Book Number 9786073112444
040 ## - CATALOGING SOURCE
Original cataloging agency Mx-PuUPA
Language of cataloging spa
Transcribing agency Mx-PuUPA
Modifying agency Mx-PuUPA
Description conventions rda
041 1# - LANGUAGE CODE
Language code of text/sound track or separate title spa
Language code of original eng
100 1# - MAIN ENTRY--PERSONAL NAME
Personal name King, Stephen,
Dates associated with a name 1947-
Relator term autor
9 (RLIN) 5119
240 10 - UNIFORM TITLE
Uniform title Cujo.
Date of a work 1981.
Language of a work Español.
245 10 - TITLE STATEMENT
Title Cujo /
Statement of responsibility, etc. Stephen King ; traducción de María Antonia Menini.
250 ## - EDITION STATEMENT
Edition statement Segunda edición.
264 31 - PRODUCTION, PUBLICATION, DISTRIBUTION, MANUFACTURE, AND COPYRIGHT NOTICE
Place of production, publication, distribution, manufacture México :
Name of producer, publisher, distributor, manufacturer Penguin Random House :
-- Debols!llo,
Date of production, publication, distribution, manufacture, or copyright notice 2012
300 ## - PHYSICAL DESCRIPTION
Extent 392 páginas ;
Dimensions 19 cm.
336 ## - CONTENT TYPE
Fuente rdacontent
Content type term texto
Content type code txt
337 ## - MEDIA TYPE
Source rdamedia
Media type term sin medio
Media type code n
338 ## - CARRIER TYPE
Source rdacarrier
Carrier type term volumen
Carrier type code nc
490 0# - SERIES STATEMENT
Series statement Biblioteca Stephen King.
650 14 - SUBJECT ADDED ENTRY--TOPICAL TERM
Topical term or geographic name entry element Perro San Bernardo
Form subdivision Ficción
650 14 - SUBJECT ADDED ENTRY--TOPICAL TERM
Topical term or geographic name entry element Perros
Form subdivision Ficción de terror
655 #4 - INDEX TERM--GENRE/FORM
Genre/form data or focus term Ficción de horror
Form subdivision Novela
700 1# - ADDED ENTRY--PERSONAL NAME
Personal name Menini, María Antonia,
Relator term traductor
765 18 - ORIGINAL LANGUAGE ENTRY
Main entry heading King, Stephen,
Title Cujo.
Place, publisher, and date of publication New York, NY : Signet., ©1981
International Standard Book Number 0451161351
942 ## - ADDED ENTRY ELEMENTS (KOHA)
Source of classification or shelving scheme Dewey Decimal Classification
Koha item type Libro
Classification part 813.54
Item part K464
Existencias
Withdrawn status Lost status Source of classification or shelving scheme Damaged status Not for loan Collection code Home library Current library Shelving location Date acquired Source of acquisition Total Checkouts Total Renewals Full call number Barcode Date last seen Date last checked out Price effective from Koha item type Copy number
    Dewey Decimal Classification     General Biblioteca Karol Wojtyla Biblioteca Karol Wojtyla Sala general 09/07/2019 compra 3 1 813.54 K464 2012 100316 18/04/2022 29/03/2022 31/10/2019 Libro  
    Dewey Decimal Classification     General Biblioteca Karol Wojtyla Biblioteca Karol Wojtyla Sala general 09/07/2019 compra 2 1 813.54 K464 2012 100317 05/01/2026 18/08/2022 31/10/2019 Libro Ej.2